| 000 | 01349cam a22003737a 4500 | ||
|---|---|---|---|
| 003 | CHAP | ||
| 005 | 20220329143031.0 | ||
| 008 | 050923s2004 it rn 00010 eng d | ||
| 010 | _a90973 | ||
| 011 | _a91945 | ||
| 020 | _a9251052565 | ||
| 035 | _a102508 | ||
| 040 | _cCHAP | ||
| 082 | 0 | 4 |
_a639.2 _bF46 v.735 Supl. |
| 110 | 2 |
_aFAO. Comité Asesor sobre Investigación Pesquera _939490 |
|
| 245 | 1 | 0 |
_aPapers presented at the session of the working party on small-scale fisheries (2a.) _c/ed. by Benedict P. Satia y Derek Staples |
| 260 |
_aRome : _bFAO.Comité Asesor sobre Investigación Pesquera, _c2004. |
||
| 300 | _a198 p. | ||
| 490 | 0 |
_aFAO. Informe de pesca _v; 735 Supl. |
|
| 590 |
_aBATCH-UPD _b10 _c20130110 _lUCH01 _h0544 |
||
| 590 |
_aBATCH-UPD _b10 _c20130110 _lUCH01 _h2351 |
||
| 590 |
_aBATCH-UPD _b10 _c20130410 _lUCH01 _h0225 |
||
| 590 |
_aBATCH-UPD _b10 _c20130914 _lUCH01 _h1349 |
||
| 590 |
_aCONVERSION _b10 _c20130109 _lUCH01 _h1350 |
||
| 650 | 0 | 4 |
_aPesca _xInvestigación. _987391 |
| 650 | 0 | 4 |
_aPesquería. _987496 |
| 700 | 0 |
_aSatia, Benedict P. _eed. _9102697 |
|
| 700 | 0 |
_aStaples, Derek _eed. _9109476 |
|
| 830 | 0 |
_aFAO. Informe de pesca _v; 735 Supl. _939587 |
|
| 901 | _aBK | ||
| 905 | _aAlejandra Carrasco M. | ||
| 942 | _cLIBRO | ||
| 949 |
_a639.2 F46 v.735 Supl. _bBC _cFAO _d33724000963203 _eFAO1 _gDon. _h107016 _i102508 _sb |
||
| 999 |
_c90973 _d90973 |
||